000 02274 a2200361 4500
001 OB-septentrion-48786
003 FrMaCLE
005 20251214082812.0
007 cu ||||||m||||
008 190523e||||||||xx |||||s|||||||||0|fr|d
020 _a978-2-7574-2174-1
024 7 _a10.4000/books.septentrion.48786
_2doi
040 _aFR-FrMaCLE
041 _afra
100 1 _aDenys, Catherine
245 1 0 _aCirculations policières :
_b1750-1914 /
_cCatherine Denys.
260 _aVilleneuve d’Ascq :
_bPresses universitaires du Septentrion,
_c2019.
300 _a210 p.
500 _aEbook
520 _a Comment améliorer « sa » police ? En regardant ce qui se fait « ailleurs » ; en l’adoptant, parfois. À rebours des historiographies nationales, ce livre fait découvrir l’histoire méconnue des circulations internationales des polices en Europe et à travers l’Atlantique. Il donne à voir les passeurs qui les animent comme les modèles qui se construisent dans les échanges, les transferts, les rejets ou les adaptations des systèmes policiers. Depuis l’Anglais Mildmay révélant le fonctionnement de la police parisienne en 1763 jusqu’à l’Américain Fosdick enquêtant sur la police des capitales européennes en 1913, des observateurs voyagent, étudient et décrivent les polices étrangères. Des administrateurs imposent des réformes justifiées par la supériorité supposée de ces polices voisines, d’autres les refusent énergiquement. Le débat sur la police déborde les limites des États. Neuf études de cas, de Buenos Aires à Paris, de Lisbonne à Rome, de Londres à Berlin, de Bruxelles, Genève ou New York, illustrent la richesse de cette histoire connectée des polices entre Ancien Régime et coopération moderne des polices contemporaines.
540 _aOpenEdition Books License
_uhttps://www.openedition.org/12554
650 4 _aHistory
650 4 _apolice
650 4 _apolicier
650 4 _apolice étrangère
650 4 _aAncien Régime
650 4 _apolice contemporaine
650 4 _ahistoire
650 4 _aRenaissance
760 0 _x2780-7827
776 _z978-2-7574-0393-8
856 4 _eDenys, Catherine
_uhttps://books.openedition.org/septentrion/48786
_yCirculations policières
999 _c13178
_d13178